Pays avec le plus de décès par accident de la route - Statistiques

Statistiques générales
  • Ce quiz a été pris 187 fois
  • Le résultat moyen est 7 sur 10
Statistiques - réponses
Nombre de décès en 2024 Pays % Correct
40 000 États-Unis
96%
58 000 Chine
90%
150 000 Inde
89%
20 000 Russie
85%
38 000 Brésil
79%
24 000 Mexique
73%
27 000 Pakistan
59%
31 000 Indonésie
55%
22 000 Thaïlande
48%
29 000 Nigeria
41%
Aucun quiz correspondant
Distribution des résultats
% des personnes avec chaque résultat
Percentile par nombre de réponses
Votre historique - résultats
Vous n’avez pas pris ce quiz